| 000 | 00575 a2200157 4500 | ||
|---|---|---|---|
| 020 | _a0738201421 | ||
| 040 |
_aDLC _bDLC |
||
| 082 | _a006.3 | ||
| 100 | 1 | _aHolland, John H. | |
| 245 | 1 | 0 |
_aEmergence: from chaos to order _bfrom chaos to order _cJohn H. Holland. |
| 260 |
_aReading, MA : _bPerseus Books, _c1999. |
||
| 300 |
_ap. ; _ccm. |
||
| 856 | 4 | 2 |
_3Publisher description _uhttp://www.loc.gov/catdir/enhancements/fy0833/99060010-d.html |
| 856 | 4 | 2 |
_3Contributor biographical information _uhttp://www.loc.gov/catdir/enhancements/fy0833/99060010-b.html |
| 942 |
_cBK _k006.3 HOL _2ddc |
||
| 999 |
_c4387 _d4387 |
||